LEADER 02890nam 2200601 a 450 001 9910452380303321 005 20200520144314.0 010 $a1-4619-0776-4 010 $a1-4384-4219-X 035 $a(CKB)2550000000106507 035 $a(OCoLC)802057315 035 $a(CaPaEBR)ebrary10570799 035 $a(SSID)ssj0000704109 035 $a(PQKBManifestationID)11483085 035 $a(PQKBTitleCode)TC0000704109 035 $a(PQKBWorkID)10692983 035 $a(PQKB)10147100 035 $a(MdBmJHUP)muse19942 035 $a(MiAaPQ)EBC3407057 035 $a(Au-PeEL)EBL3407057 035 $a(CaPaEBR)ebr10570799 035 $a(EXLCZ)992550000000106507 100 $a20110617d2012 uy 0 101 0 $aeng 135 $aur|||||||nn|n 181 $ctxt 182 $cc 183 $acr 200 00$aLet spirit speak!$b[electronic resource] $ecultural journeys through the African diaspora /$fedited by Vanessa K. Valde?s 210 $aAlbany $cSUNY Press$dc2012 215 $a1 online resource (164 p.) 225 1 $aSUNY scholarly conferences 300 $aBibliographic Level Mode of Issuance: Monograph 311 $a1-4384-4217-3 320 $aIncludes bibliographical references and index. 327 $aInvocation: excerpts from because when God is too busy -- Haiti, me and the world / Gina Athena Ulysse -- From animal skin to oil drum / Daina Nathaniel -- When the past becomes [the] present / Osunbimpe Abegunde -- Racismo en la Cuba contempora?nea : documental "RAZA" (2008) / Oilda Marti?nez -- Los ayudados : oral history of a Guapeto?n / T.J. Desch Obi -- Blackness, music and (national/diasporic) identity in the Colombian Caribbean / Ligia S. Aldana -- Ancestry, art, and commodity / Heather Shirey -- A prescription for wholeness / Ashley David -- Selections from kohnjehr woman / Ana Lara -- Poems / Lauren K. Alleyne -- Caribbean spaces, transatlantic spirit / Tzarina T. Prater -- Poesi?a, mujer e identidad afro / Luisa Garci?a-Conde -- Alaridos de las baldi?as / Guesnerth Josue? Perea -- Anne Lescot's and Laurence Magloire's des hommes et des dieux / Sophie F. Saint-Just -- Beyond the battlefield of institutions / Jasmine Syedullah -- La autobiografi?a de la artista en la Nada Clariceana / John Thomas Maddox -- Where do we go from here? : a call to action / Vanessa K. Valde?s. 410 0$aSUNY scholarly conferences. 606 $aAfrican diaspora 606 $aManners and customs 606 $aGroup identity 608 $aElectronic books. 615 0$aAfrican diaspora. 615 0$aManners and customs. 615 0$aGroup identity. 676 $a909/.0496 701 $aValde?s$b Vanessa Kimberly$01048619 801 0$bMiAaPQ 801 1$bMiAaPQ 801 2$bMiAaPQ 906 $aBOOK 912 $a9910452380303321 996 $aLet spirit speak$92477028 997 $aUNINA LEADER 04088nam 2200613Ia 450 001 9910144666303321 005 20170816131855.0 010 $a0-470-71533-2 010 $a0-470-71502-2 035 $a(CKB)1000000000688034 035 $a(EBL)739067 035 $a(OCoLC)781863569 035 $a(SSID)ssj0000715324 035 $a(PQKBManifestationID)11377562 035 $a(PQKBTitleCode)TC0000715324 035 $a(PQKBWorkID)10703090 035 $a(PQKB)11506258 035 $a(MiAaPQ)EBC739067 035 $a(EXLCZ)991000000000688034 100 $a20730214d1966 uy 0 101 0 $aeng 135 $aur|n|---||||| 181 $ctxt 182 $cc 183 $acr 200 10$aTouch, heat, and pain$b[electronic resource] $e[proceedings] Ciba Foundation Symposium /$fedited by A.V.S. de Reuck and Julie Knight 210 $aLondon $cChurchill Ltd.$d1966 215 $a1 online resource (433 p.) 225 1 $aNovartis Foundation Symposia 300 $aDescription based upon print version of record. 311 $a0-470-71482-4 320 $aIncludes bibliographical references and indexes. 327 $aTOUCH, HEAT AND PAIN; Preface; Contents; Chairman's introduction; Section I. Discrimination of quantitative differences in stimuli in man; Transfer functions of the skin and muscle senses; Discussion; Tissue temperature and thermal pain; Discussion; Measurement of responses to chemically induced pain; Discussion; General discussion of Section I; Linearity of transmission along the perceptual pathway; Section II. Structure of receptor organs; Unit design and array patterns in receptor organs; Discussion; Fine structure of the receptor organs and its probable functional significance; Discussion 327 $aGeneral discussion of Section IIChemical or physical nature of transduction; Induction of receptor properties; Specificity of first-order fibres; Section III. Basic mechanisms: biophysics of supporting tissues and receptors; The relationship of skin displacement to receptor activation; Discussion; Nerve membrane properties and thermal stimulation; Discussion; Input and output ends ofa transducer process; Discussion; Initiation of impulses by mechanorensory nerve terminals; Discussion; General discussion of Section III; Function of lamellar cells of encapsulated organs 327 $aCell membrance junctionsTerminal concentrations of mitochondria; Section IV. Relation of single receptor activity to parameters of stimuli; Cutaneous receptors with a high sensitivity tomechanical displacement; Discussion; Excitation of the dentinal receptor in the tooth of the cat; Discussion; Classes of receptor units predominantly related to thermal stimuli; Discussion; General discussion of Section IV; Central integration over neural space; Sensitivity of temperature detection in man; Existence of sympathetic thermosensitive fibres 327 $aSection V. Relation of activity of populations of receptors to parameters of stimuliThe representation of information about rapid changes in a posulation of receptor units signaning mechanical events; Discussion; The neural transformation of mechanical stimuli delivered to the monkey's hand; Discussion; General discussion of Section V; Factors affecting sensitivity of cutaneous mechanoreceptors; Minimal cortical input; Concluding Discussion; The neurohistology of touch, heat and pain; Pain and pain receptors; Lines for future research; Chairman's closing remarks; Author index; Subject index 410 0$aNovartis Foundation Symposia 606 $aSense organs$vCongresses 606 $aSenses and sensation$vCongresses 608 $aElectronic books. 615 0$aSense organs 615 0$aSenses and sensation 676 $a591.1/8 676 $a591.18 701 $aDe Reuck$b Anthony V. S$0290946 701 $aKnight$b Julie$0512647 712 02$aCiba Foundation. 801 0$bMiAaPQ 801 1$bMiAaPQ 801 2$bMiAaPQ 906 $aBOOK 912 $a9910144666303321 996 $aTouch, heat, and pain$92058841 997 $aUNINA